[Event "ICS rated blitz match"]
[Site "204.178.125.65"]
[Date "1999.09.19"]
[Round "?"]
[White "YucLam"]
[Black "Hossa"]
[Result "0-1"]
[WhiteElo "2131"]
[BlackElo "2475"]
[PlyCount "68"]
[EventDate "1999.??.??"]

1. e4 c6 2. Nc3 d5 3. d4 e6 4. Nf3 Bb4 5. exd5 exd5 6. Bd3 Ne7 7. Bg5 O-O 8. h4
f6 9. Be3 Bf5 10. Qd2 Bxd3 11. Qxd3 Re8 12. O-O-O Nd7 13. g4 Qa5 14. Nb1 Qxa2
15. g5 fxg5 16. hxg5 Nf8 17. Ne5 a6 18. g6 Nexg6 19. Bg5 Nxe5 20. dxe5 Rxe5 21.
f4 Re4 22. Rdg1 Rae8 23. Bf6 Re1+ 24. Rxe1 Rxe1+ 25. Rxe1 Bxe1 26. Be5 Bf2 27.
Qf3 Bb6 28. Qg4 Be3+ 29. Kd1 Qxb1+ 30. Ke2 Qg1 31. Qxg7+ Qxg7 32. Bxg7 Bxf4 33.
Bc3 Kf7 34. Bb4 34... Ne6 {YucLam resigns} 0-1

[Event "ICS rated blitz match"]
[Site "204.178.125.65"]
[Date "1999.10.10"]
[Round "?"]
[White "Z-Almasi"]
[Black "Hossa"]
[Result "0-1"]
[WhiteElo "2295"]
[BlackElo "2499"]
[PlyCount "58"]
[EventDate "1999.??.??"]

1. e4 c5 2. Nf3 Nc6 3. d4 cxd4 4. Nxd4 Nf6 5. Nc3 d6 6. Bg5 e6 7. Qd2 Be7 8.
O-O-O Nxd4 9. Qxd4 O-O 10. f4 Ne8 11. Bxe7 Qxe7 12. Kb1 f5 13. e5 d5 14. h3 Nc7
15. g4 b5 16. Bd3 b4 17. Ne2 Ba6 18. gxf5 Bxd3 19. cxd3 Rxf5 20. Rc1 Nb5 21.
Qc5 Qe8 22. Qxb4 Rf7 23. Rc5 Rb8 24. Rhc1 Qf8 25. Qa4 Rfb7 26. b3 Qf5 27. Rc8+
Kf7 28. Rxb8 Qxd3+ 29. Ka1 29... Rxb8 {Z-Almasi resigns} 0-1

[Event "ICS rated blitz match"]
[Site "204.178.125.65"]
[Date "1999.10.03"]
[Round "?"]
[White "Zamok"]
[Black "Hossa"]
[Result "1/2-1/2"]
[WhiteElo "2039"]
[BlackElo "2395"]
[PlyCount "134"]
[EventDate "1999.??.??"]

1. e4 e6 2. d4 d5 3. Nc3 Bb4 4. e5 c5 5. Bd2 cxd4 6. Nb5 Bxd2+ 7. Qxd2 Nc6 8.
Nd6+ Kf8 9. f4 Nf6 10. Bd3 Ne8 11. Nxe8 Kxe8 12. Nf3 Qb6 13. O-O-O Qb4 14. Qxb4
Nxb4 15. Kb1 Bd7 16. Nxd4 Rc8 17. a3 Nxd3 18. cxd3 f6 19. Rc1 Kf7 20. Rhe1 f5
21. Rxc8 Rxc8 22. Rc1 Rxc1+ 23. Kxc1 h6 24. h4 Kg6 25. Kd2 Kh5 26. g3 Kg4 27.
Ne2 a5 28. Ke3 a4 29. Kf2 g5 30. hxg5 hxg5 31. Ke3 Kh5 32. Nd4 Kg6 33. Nf3 g4
34. Ng1 Kf7 35. Kd4 Bb5 36. Ne2 b6 37. Nc3 Bc6 38. Na2 Kg6 39. Nb4 Bb5 40. Na2
Kg7 41. Nc3 Bc6 42. Nd1 Kf7 43. Ne3 Ke7 44. Kc3 Bb5 45. Nc2 Kd7 46. Nd4 Ba6 47.
Kb4 Bxd3 48. Kxa4 Bc4 49. Kb4 Bd3 50. b3 Bf1 51. Nb5 Bxb5 52. Kxb5 d4 53. Kc4
d3 54. Kxd3 Kc6 55. Kc4 Kc7 56. b4 Kc6 57. b5+ Kd7 58. Kb4 Ke7 59. a4 Kd7 60.
a5 Kc7 61. a6 Kb8 62. Kc4 Ka7 63. Kb4 Kb8 64. Kc4 Ka7 65. Kb4 Kb8 66. Kc4 Ka7
67. Kb4 67... Kb8 {Game drawn by repetition} 1/2-1/2

[Event "ICS rated blitz match"]
[Site "204.178.125.65"]
[Date "1999.09.03"]
[Round "?"]
[White "Zamok"]
[Black "Hossa"]
[Result "0-1"]
[WhiteElo "2123"]
[BlackElo "2556"]
[PlyCount "68"]
[EventDate "1999.??.??"]

1. e4 c5 2. Ne2 e6 3. Nbc3 d5 4. exd5 exd5 5. d4 cxd4 6. Nxd4 Bb4 7. Be2 Bxc3+
8. bxc3 Nc6 9. O-O Nge7 10. Re1 O-O 11. Bd3 Bd7 12. Ba3 Re8 13. Re3 Ng6 14.
Rxe8+ Qxe8 15. Qd2 Qd8 16. Re1 Qa5 17. Bd6 Nxd4 18. Bxg6 fxg6 19. Qxd4 Qxa2 20.
h4 Re8 21. Rxe8+ Bxe8 22. Qe5 Qb1+ 23. Kh2 Qb5 24. Qe7 h5 25. Qf8+ Kh7 26. Be5
Qd7 27. Bxg7 Qc7+ 28. g3 Qxg7 29. Qxe8 Qc7 30. Qe6 Qxc3 31. Qf7+ Qg7 32. Qxd5
Qc7 33. Kg2 Qe7 34. Qd4 34... b6 {Zamok resigns} 0-1

[Event "ICS rated blitz match"]
[Site "204.178.125.65"]
[Date "1999.09.11"]
[Round "?"]
[White "Zamok"]
[Black "Hossa"]
[Result "0-1"]
[WhiteElo "2152"]
[BlackElo "2434"]
[PlyCount "63"]
[EventDate "1999.??.??"]

1. e4 c5 2. Nf3 Nc6 3. d4 cxd4 4. Nxd4 g6 5. Nc3 Bg7 6. Be3 Nh6 7. Be2 O-O 8.
Qd2 Nxd4 9. Bxd4 f6 10. O-O-O Nf7 11. h4 d6 12. h5 Bh6 13. Be3 g5 14. g3 f5 15.
exf5 Bxf5 16. Bc4 Bg4 17. Bxg5 Bg7 18. Rde1 Be5 19. f4 Bf6 20. Nd5 Bxg5 21.
fxg5 Ne5 22. Nxe7+ Kh8 23. Rxe5 dxe5 24. Nd5 Rc8 25. Bb3 Bf3 26. Re1 Bxh5 27.
Qe3 Qd6 28. Qxe5+ Qxe5 29. Rxe5 Rc5 30. c4 b5 31. Re7 bxc4 32. Nf6 {
Zamok resigns} 0-1

[Event "ICS rated blitz match"]
[Site "204.178.125.65"]
[Date "1999.08.28"]
[Round "?"]
[White "Zamok"]
[Black "Hossa"]
[Result "0-1"]
[WhiteElo "2213"]
[BlackElo "2458"]
[PlyCount "53"]
[EventDate "1999.??.??"]

1. e4 Nf6 2. e5 Nd5 3. d4 d6 4. Nf3 Bg4 5. Be2 dxe5 6. Nxe5 Bxe2 7. Qxe2 Nd7 8.
O-O e6 9. Re1 Nxe5 10. dxe5 Nb6 11. Rd1 Qh4 12. Nc3 Qb4 13. a3 Qa5 14. b4 Qa6
15. Qxa6 bxa6 16. Bf4 Be7 17. Rd3 g5 18. Bg3 h5 19. h3 Kf8 20. Rad1 h4 21. Bh2
Nc4 22. Ne4 Nb2 23. R1d2 Nxd3 24. Rxd3 a5 25. bxa5 Rb8 26. Rb3 Kg7 27. a4 {
Zamok resigns} 0-1

[Event "ICS rated blitz match"]
[Site "204.178.125.65"]
[Date "1999.09.17"]
[Round "?"]
[White "Zamok"]
[Black "Hossa"]
[Result "1/2-1/2"]
[WhiteElo "2068"]
[BlackElo "2435"]
[Annotator "Fritz 5.32 (20s)"]
[PlyCount "116"]
[EventDate "1999.??.??"]

1. e4 1... c5 {Opening = B46 - 5.Nc3 a6} 2. Nf3 Nc6 3. d4 cxd4 4. Nxd4 e6 5.
Nc3 a6 6. Be3 Bb4 7. Bd3 (7. Qd2 Nf6 8. f3 d5 9. a3 Bxc3 10. Qxc3 dxe4 11.
O-O-O Qc7 12. Nxc6 Qxc6 13. Qxc6+ bxc6 14. fxe4 Nxe4 15. Bd3 Nf6 16. Bd4 O-O
17. Rhf1 Nd5 18. c4 Ne7 19. Bc5 Re8 20. Be4 f5 21. Bxe7 21... Rxe7 {
Reznicek,T-Vujovic,M/Imperia 1996/EXT 99/1-0 (45)}) (7. Nxc6 bxc6 8. Qd4 Bxc3+
9. Qxc3 Nf6 10. f3 O-O 11. Bc5 Re8 12. O-O-O d5 13. h4 a5 14. h5 h6 15. g4 Nh7
16. Bd4 f6 17. e5 Qc7 18. Bd3 c5 19. Qxc5 Qxc5 20. Bxc5 fxe5 21. Bb5 21... Ba6
{Prax,I-Rozkovec,L/Svetla nad Sazavou 1998/EXT 99/1-0 (32)}) 7... Nge7 8. O-O
8... d5 $146 (8... Bxc3 9. bxc3 d5 10. f4 dxe4 11. Bxe4 Nd5 12. Qf3 Nce7 13. c4
Nxe3 14. Qxe3 g6 15. Rab1 Qc7 16. Kh1 O-O 17. Qf3 Rb8 18. Bd3 Bd7 19. Rb2 Rfd8
20. Rfb1 Bc8 21. Qe3 Qc5 22. Nf5 Qxe3 23. Nxe3 {
Pitschel,K-Mackenzie,G/Paris 1878/HCL/ - (72)}) (8... O-O 9. Qe2 Ne5 10. Rad1
Bxc3 11. bxc3 d6 12. f4 Nxd3 13. Rxd3 f5 14. exf5 exf5 15. Rfd1 Re8 16. Qf3 Qc7
17. Bf2 g6 18. Re3 Bd7 19. Rde1 Bc6 20. Nxc6 bxc6 21. Bh4 Qb6 22. Qf2 {
1-0 Geller,E-Anduyar,M/Siegen 1970/MCD (22)}) 9. exd5 Bxc3 10. bxc3 $11 {
Deckt b4+d4} (10. dxc6 Bxb2 11. Rb1 Bxd4 12. cxb7 Bxb7 13. Rxb7 Bxe3 14. fxe3
14... O-O $16) 10... exd5 11. Re1 O-O 12. Bg5 f6 13. Bf4 Ra7 14. Ne6 Bxe6 15.
Rxe6 Qd7 16. Re1 f5 17. c4 Raa8 18. Qe2 $14 (18. cxd5 $5 18... Qxd5 19. Qe2 $16
) 18... Rfe8 19. Qe6+ Qxe6 20. Rxe6 Kf7 21. cxd5 Nxd5 22. Rxe8 Rxe8 23. Bc4
Ncb4 24. Bd2 Kg6 25. Re1 $11 (25. Bb3 $5 $142 25... a5 26. a3 $18) 25... Rxe1+
26. Bxe1 26... Nxc2 {Mit der Drohung Nb6} 27. Bxd5 Nxe1 28. Bxb7 a5 29. Kf1 Nd3
30. a3 Kf6 31. g3 31... g5 {Schwarz bereitet f4 vor} 32. Ke2 Nc5 33. Bd5 Ke5
34. Ba2 Ne4 35. Ke3 f4+ 36. gxf4+ gxf4+ 37. Kf3 h5 38. Bg8 a4 39. h4 Nd6 40.
Bh7 Nf5 41. Ke2 Nxh4 42. Bc2 Nf5 43. Bxa4 h4 44. Bd7 Nd4+ 45. Kf1 45... f3 $14
(45... Nf3 46. Kg2 Ng5 47. a4 $11) 46. a4 Nb3 47. Kg1 47... Kf4 $16 {
Schwarz aktiviert den Koenig} (47... Nc5 $5 {ist nicht von der Hand zu weisen}
48. Bc6 Kd6 49. Bxf3 49... Nxa4 $11) 48. Kh2 48... Nc5 $18 (48... Kg5 $5 $16)
49. Bc6 Nd3 (49... Nb3 50. Kh3 $18) 50. a5 $1 {Boing!} 50... Ne5 (50... Nc5 {
die letzte Gegenchance} 51. Bb5 51... Ne6 $18) 51. Bb5 Ng4+ 52. Kh3 (52. Kg1 $5
$142 {und Weiss haette es noch leichter} 52... Nf6 53. Bc6 53... Ke5 $18) 52...
Nxf2+ (52... Nf6 {hilft auch nicht mehr} 53. Bc6 (53. Kxh4 $143 53... Nd5 $18)
53... Nh7 54. a6 Ng5+ 55. Kxh4 $18) 53. Kxh4 Ne4 54. a6 Nd6 55. a7 Nxb5 56.
a8=Q Nd4 57. Qf8+ Ke3 58. Qxf3+ $11 (58. Kg3 $18 $142 {sichert den Gewinn})
58... Kxf3 1/2-1/2

[Event "ICS rated blitz match"]
[Site "204.178.125.65"]
[Date "1999.09.24"]
[Round "?"]
[White "Zamok"]
[Black "Hossa"]
[Result "1/2-1/2"]
[WhiteElo "2064"]
[BlackElo "2440"]
[PlyCount "98"]
[EventDate "1999.??.??"]

1. e4 c5 2. Nf3 d6 3. d4 cxd4 4. Nxd4 Nf6 5. Nc3 a6 6. g3 e6 7. Bg2 Qc7 8. O-O
Be7 9. a4 O-O 10. h3 Nc6 11. Nde2 Qa5 12. Bd2 Qc5 13. Be3 Qb4 14. Qd2 d5 15.
exd5 exd5 16. Nd4 Re8 17. Rfe1 Bd6 18. Nxc6 bxc6 19. Bg5 Rxe1+ 20. Rxe1 Nd7 21.
Re8+ Nf8 22. Qe2 Qxb2 23. Be7 Be6 24. Rxa8 Bxe7 25. Nd1 Qb1 26. Rxa6 Qb7 27. a5
Bc5 28. Nc3 Bc8 29. Na4 Qb1+ 30. Qf1 Bxf2+ 31. Kxf2 Qxc2+ 32. Kg1 Bxa6 33. Qxa6
Qd1+ 34. Kh2 Qxa4 35. Qb6 h5 36. a6 h4 37. gxh4 Qf4+ 38. Kg1 Qc1+ 39. Kf2 c5
40. a7 Qd2+ 41. Kg3 Qe1+ 42. Kh2 Qe5+ 43. Kg1 Qe3+ 44. Kh2 Qf4+ 45. Kg1 Qd4+
46. Kh2 Qf4+ 47. Kg1 Qd4+ 48. Kh2 Qf4+ 49. Kg1 49... Qd4+ {
Game drawn by repetition} 1/2-1/2

[Event "ICS rated blitz match"]
[Site "204.178.125.65"]
[Date "1999.09.14"]
[Round "?"]
[White "Zamok"]
[Black "Hossa"]
[Result "1-0"]
[WhiteElo "2094"]
[BlackElo "2408"]
[PlyCount "127"]
[EventDate "1999.??.??"]

1. e4 c6 2. d4 d5 3. exd5 cxd5 4. c4 Nf6 5. Nc3 Nc6 6. Nf3 Bg4 7. cxd5 Bxf3 8.
gxf3 Nxd5 9. Qb3 Nb6 10. Be3 e6 11. O-O-O Rc8 12. Kb1 Nd7 13. d5 exd5 14. Rxd5
Ne7 15. Rd1 Nf5 16. Bb5 Rc6 17. Bxc6 bxc6 18. Ne4 Be7 19. Rd2 Qc7 20. Ng3 Nh4
21. Rhd1 Nb6 22. Bxb6 axb6 23. Rd7 Qxd7 24. Rxd7 Kxd7 25. Qxb6 Rd8 26. Qb7+ Ke8
27. Qxc6+ Kf8 28. a3 Bf6 29. Ne4 Be7 30. a4 Nxf3 31. a5 f5 32. a6 fxe4 33. a7
Kf7 34. a8=Q Rxa8 35. Qxa8 Bh4 36. Kc2 Ng5 37. Qa7+ Kg6 38. b4 Nf3 39. b5 Ne1+
40. Kd1 Nd3 41. Qd4 Nxf2+ 42. Ke2 Kh5 43. b6 Bg5 44. b7 Bf4 45. Qxf2 g5 46.
Qxf4 gxf4 47. b8=Q Kg4 48. Qg8+ Kf5 49. Qxh7+ Ke5 50. Qh5+ Kf6 51. Qd5 e3 52.
Kf3 e2 53. Kxe2 f3+ 54. Kxf3 Kg7 55. h4 Kf6 56. h5 Ke7 57. h6 Kf6 58. h7 Kg6
59. Qg8+ Kf6 60. h8=Q+ Ke7 61. Qd8+ Kf7 62. Qhe8+ Kg7 63. Qg5+ Kh7 64. Qeg8# {
Hossa checkmated} 1-0

[Event "ICS rated blitz match"]
[Site "204.178.125.65"]
[Date "1999.08.28"]
[Round "?"]
[White "Zamok"]
[Black "Hossa"]
[Result "0-1"]
[WhiteElo "2190"]
[BlackElo "2481"]
[PlyCount "67"]
[EventDate "1999.??.??"]

1. e4 Nf6 2. e5 Nd5 3. d4 d6 4. Nf3 Bg4 5. Be2 dxe5 6. Nxe5 Bxe2 7. Qxe2 Nd7 8.
Nf3 c5 9. O-O cxd4 10. Nxd4 e6 11. Re1 Bc5 12. Nb3 O-O 13. Nxc5 Nxc5 14. a3 Qh4
15. Qf3 Rfd8 16. Nc3 Nxc3 17. Qxc3 Rac8 18. Qf3 Qd4 19. Rb1 a6 20. Be3 Qa4 21.
Bxc5 Rxc5 22. Rbd1 Rcd5 23. Rxd5 Rxd5 24. Qc3 Qd7 25. f3 Qd8 26. Kf2 Rd2+ 27.
Re2 Qh4+ 28. Ke3 Qg5+ 29. f4 Rxe2+ 30. Kxe2 Qxg2+ 31. Kd1 Qg4+ 32. Ke1 Qg1+ 33.
Ke2 Qxh2+ 34. Kf3 {Zamok resigns} 0-1

[Event "ICS rated blitz match"]
[Site "204.178.125.65"]
[Date "1999.09.03"]
[Round "?"]
[White "Zamok"]
[Black "Hossa"]
[Result "0-1"]
[WhiteElo "2129"]
[BlackElo "2550"]
[PlyCount "54"]
[EventDate "1999.??.??"]

1. e4 c5 2. Nf3 Nc6 3. d4 cxd4 4. Nxd4 g6 5. Nc3 Bg7 6. Be3 Nh6 7. Bc4 O-O 8.
O-O Ng4 9. Qxg4 Nxd4 10. Qd1 Nc6 11. Qd2 Ne5 12. Bb3 Ng4 13. Bd4 Bh6 14. Qe2 d6
15. h3 e5 16. hxg4 exd4 17. Nd5 Bg7 18. f4 d3 19. cxd3 Bd4+ 20. Ne3 Bxg4 21.
Qf2 Be6 22. Rfe1 Qb6 23. Qg3 Bxb3 24. axb3 Qxb3 25. Re2 Qxd3 26. Qf3 Rae8 27.
Rd1 27... Qxd1+ {Zamok resigns} 0-1

[Event "ICS rated blitz match"]
[Site "204.178.125.65"]
[Date "1999.08.31"]
[Round "?"]
[White "Zamok"]
[Black "Hossa"]
[Result "0-1"]
[WhiteElo "2162"]
[BlackElo "2554"]
[PlyCount "68"]
[EventDate "1999.??.??"]

1. e4 e5 2. Nf3 Nc6 3. Bb5 a6 4. Bxc6 dxc6 5. O-O Bg4 6. h3 Bxf3 7. Qxf3 Ne7 8.
Qb3 b5 9. a4 Ng6 10. axb5 axb5 11. Rxa8 Qxa8 12. d3 Bd6 13. Nc3 O-O 14. Ne2 Qa7
15. Be3 Bc5 16. Bxc5 Qxc5 17. Qc3 Qxc3 18. Nxc3 Ra8 19. g3 b4 20. Ne2 c5 21. h4
f6 22. h5 Nf8 23. Kg2 Ra2 24. Rb1 Ne6 25. Kh3 c4 26. Nc1 Ra5 27. Kg4 Nc5 28.
Kf5 b3 29. cxb3 cxb3 30. f3 Kf7 31. Ne2 Nxd3 32. Nc3 Nf2 33. f4 g6+ 34. hxg6+
34... hxg6# {Zamok checkmated} 0-1

[Event "ICS rated blitz match"]
[Site "204.178.125.65"]
[Date "1999.08.31"]
[Round "?"]
[White "Zamok"]
[Black "Hossa"]
[Result "0-1"]
[WhiteElo "2168"]
[BlackElo "2548"]
[PlyCount "60"]
[EventDate "1999.??.??"]

1. e4 e5 2. Nf3 Nc6 3. Bb5 a6 4. Bxc6 dxc6 5. O-O Bg4 6. h3 Bxf3 7. Qxf3 Ne7 8.
Rd1 Ng6 9. c3 Bc5 10. d4 exd4 11. Be3 O-O 12. cxd4 Bb6 13. Nc3 f5 14. exf5 Nh4
15. Qe4 Nxf5 16. Na4 Qf6 17. Nxb6 cxb6 18. d5 Rae8 19. Qf3 Qxb2 20. Rab1 Qxa2
21. Ra1 Qc4 22. Rac1 Qb3 23. Rb1 Nxe3 24. Rxb3 Rxf3 25. fxe3 Rfxe3 26. Rxe3
Rxe3 27. d6 Re8 28. Kf2 Rd8 29. Kf3 Kf7 30. Ke4 30... Ke6 {Zamok resigns} 0-1

[Event "ICS rated blitz match"]
[Site "204.178.125.65"]
[Date "1999.08.31"]
[Round "?"]
[White "Zamok"]
[Black "Hossa"]
[Result "0-1"]
[WhiteElo "2150"]
[BlackElo "2566"]
[PlyCount "46"]
[EventDate "1999.??.??"]

1. e4 e5 2. Nf3 Nc6 3. Bb5 a6 4. Bxc6 dxc6 5. O-O Bg4 6. h3 Bxf3 7. Qxf3 Ne7 8.
d3 Ng6 9. Be3 Be7 10. Nd2 O-O 11. Qg4 Bf6 12. g3 Qe7 13. h4 Qb4 14. h5 Ne7 15.
Nb3 Rae8 16. Bc5 Qa4 17. Bxe7 Bxe7 18. Kg2 f5 19. Qe2 Bd6 20. exf5 Rxf5 21. g4
Rf4 22. f3 Ref8 23. Nd2 23... Qxc2 {Zamok resigns} 0-1

[Event "ICS rated blitz match"]
[Site "204.178.125.65"]
[Date "1999.08.28"]
[Round "?"]
[White "Zamok"]
[Black "Hossa"]
[Result "0-1"]
[WhiteElo "2201"]
[BlackElo "2470"]
[PlyCount "46"]
[EventDate "1999.??.??"]

1. e4 Nf6 2. e5 Nd5 3. d4 d6 4. Nf3 Bg4 5. Be2 dxe5 6. Nxe5 Bxe2 7. Qxe2 Nd7 8.
O-O e6 9. Re1 Nxe5 10. dxe5 a6 11. a3 Qh4 12. g3 Qh3 13. c4 Nb6 14. b4 a5 15.
c5 Nd7 16. Bb2 axb4 17. a4 Bxc5 18. Nd2 O-O 19. Ne4 Be7 20. Red1 Nc5 21. Nxc5
Bxc5 22. Rd7 Rac8 23. Qc4 23... Bxf2+ {Zamok resigns} 0-1

[Event "ICS rated blitz match"]
[Site "204.178.125.65"]
[Date "1999.09.18"]
[Round "?"]
[White "Zamok"]
[Black "Hossa"]
[Result "0-1"]
[WhiteElo "2047"]
[BlackElo "2453"]
[PlyCount "49"]
[EventDate "1999.??.??"]

1. e4 g6 2. d4 h6 3. Nc3 Bg7 4. Nf3 Nf6 5. e5 Nh7 6. Be3 d6 7. exd6 exd6 8. Qd2
Bg4 9. Be2 Nc6 10. O-O-O Nf6 11. h3 Bf5 12. Rhe1 d5 13. Bd3 Ne4 14. Bxe4 Bxe4
15. Bf4 f5 16. Ne5 g5 17. Nxc6 bxc6 18. Be5 Bxe5 19. dxe5 Bxg2 20. f4 Bxh3 21.
Qd4 Bg4 22. Rd2 gxf4 23. e6 Rh7 24. Qxf4 Qd6 25. Rh2 {Zamok resigns} 0-1

[Event "ICS rated blitz match"]
[Site "204.178.125.65"]
[Date "1999.08.28"]
[Round "?"]
[White "Zamok"]
[Black "Hossa"]
[Result "0-1"]
[WhiteElo "2180"]
[BlackElo "2491"]
[PlyCount "94"]
[EventDate "1999.??.??"]

1. e4 Nf6 2. e5 Nd5 3. d4 d6 4. Nf3 Bg4 5. Be2 dxe5 6. Nxe5 Bxe2 7. Qxe2 Nd7 8.
Nxd7 Qxd7 9. c4 Nb6 10. Be3 Qc6 11. Nd2 Qxg2 12. O-O-O Qc6 13. Kb1 O-O-O 14. d5
Qd6 15. Nb3 Qg6+ 16. Ka1 Qe4 17. Nd2 Qf5 18. Rhg1 Qe5 19. f4 Qf5 20. Rg5 Qc2
21. Bd4 Nxc4 22. a3 c5 23. Bc3 Ne3 24. Rb1 Nxd5 25. Qe4 Qxe4 26. Nxe4 f6 27.
Rgg1 Nxf4 28. Rgf1 e5 29. Ng3 Nd5 30. Ba5 b6 31. Bd2 g6 32. Rbd1 f5 33. Bg5 Rd7
34. Rd3 h6 35. Bc1 Bg7 36. Rfd1 Rhd8 37. Nf1 c4 38. Rg3 Ne7 39. Rxd7 Rxd7 40.
Rc3 b5 41. Rc2 Nc6 42. a4 Nb4 43. Rc3 e4 44. Rg3 Rd1 45. Kb1 Nd3 46. Rxd3 cxd3
47. b3 47... Rxf1 {Zamok resigns} 0-1

[Event "ICS rated blitz match"]
[Site "204.178.125.65"]
[Date "1999.08.28"]
[Round "?"]
[White "Zamok"]
[Black "Hossa"]
[Result "1-0"]
[WhiteElo "2193"]
[BlackElo "2478"]
[PlyCount "77"]
[EventDate "1999.??.??"]

1. e4 c5 2. Nf3 e6 3. d4 cxd4 4. Nxd4 Nf6 5. Nc3 Bb4 6. e5 Nd5 7. Qg4 Nxc3 8.
a3 Bf8 9. bxc3 d5 10. Bd3 Qc7 11. O-O Qxc3 12. Rb1 Nc6 13. Nb5 Qa5 14. Qg3 Qd8
15. Bg5 Qd7 16. Rfe1 b6 17. c4 d4 18. Be4 Bb7 19. Rbd1 Bc5 20. Nd6+ Kf8 21. Bf4
Rb8 22. h4 Ba8 23. h5 Ne7 24. Bxa8 Rxa8 25. h6 Ng6 26. Bg5 Rb8 27. hxg7+ Kxg7
28. Bf6+ Kg8 29. Qh3 Bxd6 30. exd6 Qxd6 31. Rxd4 Qf8 32. Red1 Re8 33. Rd8 b5
34. Rxe8 h5 35. Rdd8 Nh4 36. Rxf8+ Kh7 37. Rxh8+ Kg6 38. Qxh4 bxc4 39. Qg5# {
Hossa checkmated} 1-0

[Event "ICS rated blitz match"]
[Site "204.178.125.65"]
[Date "1999.08.31"]
[Round "?"]
[White "Zamok"]
[Black "Hossa"]
[Result "0-1"]
[WhiteElo "2174"]
[BlackElo "2542"]
[PlyCount "124"]
[EventDate "1999.??.??"]

1. e4 e5 2. Nf3 Nc6 3. Bb5 a6 4. Bxc6 dxc6 5. O-O Bg4 6. h3 Bxf3 7. Qxf3 Ne7 8.
Qg3 Ng6 9. d3 Bc5 10. Be3 Bd4 11. Bxd4 Qxd4 12. Nc3 O-O 13. Rab1 Nf4 14. Qe3
Rad8 15. Kh2 f5 16. exf5 Rxf5 17. Ne4 Qa4 18. b3 Qxa2 19. Qd2 Qa3 20. g3 Ne6
21. Qe2 Nd4 22. Qg4 Rdf8 23. f4 Nxc2 24. Rf3 Nd4 25. Rf2 exf4 26. gxf4 Nxb3 27.
Rg1 Qe7 28. Rfg2 R5f7 29. f5 Qd7 30. f6 Qxd3 31. fxg7 Re8 32. Rd1 Qf3 33. Qxf3
Rxf3 34. Rd3 Rf7 35. Rxb3 Rxe4 36. Rxb7 Re8 37. Ra7 a5 38. Rxa5 Rxg7 39. Rc2
Rg6 40. Ra7 Re7 41. Ra6 Ree6 42. Ra7 Rg7 43. Ra6 Kf7 44. Raxc6 Rxc6 45. Rxc6
Ke8 46. h4 Kd7 47. Rc4 Kd6 48. Kh3 c5 49. h5 Kd5 50. Rc1 c4 51. Kh4 Kd4 52. h6
Rg6 53. Kh5 c3 54. Rd1+ Ke3 55. Rd7 c2 56. Rc7 Rg2 57. Rxh7 c1=Q 58. Re7+ Kd4
59. Rd7+ Ke5 60. Re7+ Kf6 61. Rf7+ Kxf7 62. h7 62... Qh1# {Zamok checkmated}
0-1

[Event "ICS rated blitz match"]
[Site "204.178.125.65"]
[Date "1999.10.02"]
[Round "?"]
[White "Zenith"]
[Black "Hossa"]
[Result "1-0"]
[WhiteElo "2837"]
[BlackElo "2424"]
[PlyCount "135"]
[EventDate "1999.??.??"]

1. d4 Nf6 2. c4 e6 3. Nf3 d5 4. Nc3 Bb4 5. cxd5 exd5 6. Bg5 O-O 7. e3 c5 8. Be2
cxd4 9. Nxd4 Bxc3+ 10. bxc3 Nbd7 11. O-O Nb6 12. Rb1 Bd7 13. Qc2 Re8 14. Rfd1
Ba4 15. Nb3 Re5 16. Bf4 Re6 17. Bd3 Qf8 18. Bf5 Ree8 19. Rd4 Qa3 20. Rb4 Bd7
21. Bxd7 Nfxd7 22. Nd4 Qa5 23. Nb5 Red8 24. R1b3 Rac8 25. Bc7 Rxc7 26. Nxc7 Qc5
27. Nb5 Nc4 28. Nd4 Ndb6 29. a4 Qd6 30. Qf5 Nd2 31. Rb2 Ndc4 32. Rb1 Qe7 33.
Nb3 Nd6 34. Qd3 Ne4 35. a5 Nc4 36. Qd4 a6 37. f3 Ned6 38. e4 Na3 39. Rc1 dxe4
40. fxe4 Nab5 41. Qd3 Re8 42. Nd2 Qg5 43. Rbb1 Rd8 44. Rb2 Na3 45. Qd5 Qe3+ 46.
Kh1 Nac4 47. Ra2 Qh6 48. Re1 Ne3 49. Qd4 Ng4 50. Nf3 f6 51. Qb6 Rd7 52. Qb3+
Rf7 53. Qe6 f5 54. exf5 Qf6 55. Rd2 Nxf5 56. Qc8+ Rf8 57. Re8 Rxe8 58. Qxe8+
Qf8 59. Qe6+ Kh8 60. Qxf5 Nf6 61. Ne5 g6 62. Qe6 Ng8 63. Nf7+ Kg7 64. Rd7 Qb8
65. Ne5+ Kh6 66. Rxh7+ Kg5 67. Nf7+ Kf4 68. Rh4# {Hossa checkmated} 1-0

[Event "ICS rated blitz match"]
[Site "204.178.125.65"]
[Date "1999.10.17"]
[Round "?"]
[White "Zippy"]
[Black "Hossa"]
[Result "1-0"]
[WhiteElo "2238"]
[BlackElo "2531"]
[PlyCount "139"]
[EventDate "1999.??.??"]

1. e4 e6 2. d4 d5 3. Nc3 Bb4 4. e5 c5 5. a3 Bxc3+ 6. bxc3 Qc7 7. Rb1 Ne7 8. Nf3
Nbc6 9. Be2 cxd4 10. cxd4 Qa5+ 11. Qd2 O-O 12. Qxa5 Nxa5 13. Bd2 Nac6 14. Bd3
f6 15. exf6 Rxf6 16. c3 h6 17. O-O b6 18. Rfe1 Bd7 19. Bb5 Rd8 20. Re2 Ng6 21.
c4 dxc4 22. Re4 Na5 23. Bxd7 Rxd7 24. Ne5 Nxe5 25. dxe5 Rf5 26. Bxa5 bxa5 27.
f3 Rc7 28. Rc1 c3 29. Re3 c2 30. Re2 Rc3 31. Rcxc2 Rxa3 32. Rc6 Ra1+ 33. Kf2
Kf7 34. Rc7+ Kf8 35. Rxa7 Ra4 36. Rc2 Kg8 37. Re2 Rf7 38. Ra8+ Rf8 39. Ra6 Re8
40. Ra7 Kh7 41. Rc2 h5 42. Kg3 Ra3 43. Rcc7 Kh6 44. Rxg7 Rh8 45. h4 Rb3 46. Rg5
Rh7 47. Rxh5+ Kxh5 48. Rxh7+ Kg6 49. Ra7 Rb5 50. f4 Kf5 51. h5 Rb3+ 52. Kh4
Kxf4 53. g3+ Kxe5 54. h6 Kf6 55. h7 Rb8 56. Kh5 e5 57. g4 a4 58. g5+ Kf5 59. g6
Rh8 60. Kh6 Rb8 61. g7 Rb1 62. g8=Q Rh1+ 63. Kg7 Rh4 64. Qf7+ Kg4 65. Rxa4+ e4
66. Rxe4+ Kg3 67. Re3+ Kg2 68. Qf3+ Kg1 69. Qg3+ Kh1 70. Re1# {Hossa checkmated
} 1-0

[Event "ICS rated blitz match"]
[Site "204.178.125.65"]
[Date "1999.09.27"]
[Round "?"]
[White "Zippy"]
[Black "Hossa"]
[Result "1-0"]
[WhiteElo "2217"]
[BlackElo "2468"]
[PlyCount "105"]
[EventDate "1999.??.??"]

1. e4 c5 2. Nf3 e6 3. d4 cxd4 4. Nxd4 Nc6 5. Nc3 a6 6. Nxc6 dxc6 7. Qxd8+ Kxd8
8. Bf4 Bd7 9. O-O-O Bc5 10. e5 Kc7 11. Ne4 Be7 12. Nd6 Be8 13. h4 Rd8 14. Bd3
Nh6 15. c3 Ng4 16. Rd2 h5 17. f3 Nh6 18. g3 g6 19. Rhd1 Nf5 20. Bxf5 gxf5 21.
b3 Rg8 22. Kc2 c5 23. Rd3 b6 24. a4 b5 25. axb5 axb5 26. Bg5 Bxg5 27. hxg5 Bc6
28. R1d2 Rd7 29. f4 Ra8 30. Kb2 Rad8 31. Rh2 Rh8 32. Kc1 Kb6 33. Kd2 Rh7 34.
Ke3 Rd8 35. b4 cxb4 36. cxb4 Ra8 37. Rc2 Ra4 38. Nc8+ Kb7 39. Rdc3 Bd5 40. Rc7+
Kb8 41. Nd6 Rxb4 42. g6 Rg7 43. Rxf7 Re4+ 44. Kf2 Rg8 45. g7 Bb3 46. Rc3 Bd1
47. Nxe4 Rxg7 48. Rxg7 fxe4 49. Rcc7 e3+ 50. Kxe3 Bf3 51. Kxf3 b4 52. Rce7 h4
53. Re8# {Hossa checkmated} 1-0

[Event "ICS rated blitz match"]
[Site "204.178.125.65"]
[Date "1999.10.12"]
[Round "?"]
[White "Zippy"]
[Black "Hossa"]
[Result "1-0"]
[WhiteElo "2219"]
[BlackElo "2454"]
[PlyCount "145"]
[EventDate "1999.??.??"]

1. e4 e5 2. Nf3 Nc6 3. Bb5 a6 4. Ba4 Nf6 5. O-O b5 6. Bb3 Bb7 7. d3 Be7 8. Nc3
O-O 9. Bd2 d6 10. Nd5 Nxd5 11. Bxd5 Rb8 12. a4 Kh8 13. axb5 axb5 14. Ra3 f5 15.
Qe2 fxe4 16. Qxe4 Qd7 17. Be3 b4 18. Raa1 Qe8 19. h3 Bd8 20. Rfe1 Ra8 21. Rxa8
Bxa8 22. Ra1 Bb7 23. Ng5 Bxg5 24. Bxg5 Qd7 25. Be3 Rf6 26. f3 Qe8 27. Qc4 Rf8
28. Bd2 h6 29. Qb5 Nd8 30. Qxe8 Rxe8 31. Bxb7 Nxb7 32. Bxb4 g5 33. Ra7 Rb8 34.
Bc3 Kg7 35. d4 exd4 36. Bxd4+ Kh7 37. c4 Kg6 38. Kf2 Kf5 39. Bg7 Kg6 40. Bc3
Kf5 41. b4 Kg6 42. b5 Kf5 43. Kg3 d5 44. cxd5 Nd6 45. b6 Rxb6 46. Rxc7 Rb5 47.
Rh7 Kg6 48. Rg7+ Kf5 49. Kf2 Rxd5 50. g4+ Ke6 51. Rg6+ Kd7 52. Rxh6 Rc5 53. Bg7
Ne8 54. Bd4 Rd5 55. Be3 Nc7 56. Rh5 Ne6 57. f4 Rd3 58. fxg5 Kd6 59. g6 Rb3 60.
Rh7 Rb2+ 61. Kf3 Rb3 62. g7 Ng5+ 63. Kg2 Rb2+ 64. Kg3 Ne4+ 65. Kh4 Nf6 66. Rh6
Ke7 67. Rxf6 Rb8 68. Rf8 Rb2 69. g8=Q Kd7 70. Qd5+ Kc7 71. Rf7+ Kc8 72. Qc6+
Kd8 73. Qd7# {Hossa checkmated} 1-0